Basic training in mathematics : (Record no. 329367)

000 -LEADER
fixed length control field 01113pam a2200277 a 4500
001 - CONTROL NUMBER
control field 4924396
003 - CONTROL NUMBER IDENTIFIER
control field Nust
005 - DATE AND TIME OF LATEST TRANSACTION
control field 20170504103717.0
008 - FIXED-LENGTH DATA ELEMENTS--GENERAL INFORMATION
fixed length control field 950315s1995 nyua 001 0 eng
010 ## - LIBRARY OF CONGRESS CONTROL NUMBER
LC control number 95013532
020 ## - INTERNATIONAL STANDARD BOOK NUMBER
International Standard Book Number 0306450356 (hardbound)
020 ## - INTERNATIONAL STANDARD BOOK NUMBER
International Standard Book Number 0306450364 (pbk.)
040 ## - CATALOGING SOURCE
Original cataloging agency DLC
Transcribing agency DLC
Modifying agency DLC
050 00 - LIBRARY OF CONGRESS CALL NUMBER
Classification number QA300
Item number .S4315 1995
082 00 - DEWEY DECIMAL CLASSIFICATION NUMBER
Classification number 510 SHA
Edition number 20
100 1# - MAIN ENTRY--PERSONAL NAME
Personal name Shankar, Ramamurti.
245 10 - TITLE STATEMENT
Title Basic training in mathematics :
Remainder of title a fitness program for science students /
Statement of responsibility, etc. R. Shankar.
260 ## - PUBLICATION, DISTRIBUTION, ETC.
Place of publication, distribution, etc. New York :
Name of publisher, distributor, etc. Plenum Press,
Date of publication, distribution, etc. c1995.
300 ## - PHYSICAL DESCRIPTION
Extent xv, 365 p. :
Other physical details ill. ;
Dimensions 24 cm.
500 ## - GENERAL NOTE
General note Includes index.
501 ## - WITH NOTE
With note H.B
650 #0 - SUBJECT ADDED ENTRY--TOPICAL TERM
Topical term or geographic name entry element Mathematical analysis.
856 42 - ELECTRONIC LOCATION AND ACCESS
Materials specified Publisher description
Uniform Resource Identifier <a href="http://www.loc.gov/catdir/enhancements/fy0819/95013532-d.html">http://www.loc.gov/catdir/enhancements/fy0819/95013532-d.html</a>
856 41 - ELECTRONIC LOCATION AND ACCESS
Materials specified Table of contents only
Uniform Resource Identifier <a href="http://www.loc.gov/catdir/enhancements/fy0819/95013532-t.html">http://www.loc.gov/catdir/enhancements/fy0819/95013532-t.html</a>
906 ## - LOCAL DATA ELEMENT F, LDF (RLIN)
a 7
b cbc
c orignew
d 1
e ocip
f 19
g y-gencatlg
942 ## - ADDED ENTRY ELEMENTS (KOHA)
Source of classification or shelving scheme
Koha item type Book
Call number prefix 510 SHA
Holdings
Withdrawn status Lost status Source of classification or shelving scheme Damaged status Not for loan Collection code Permanent Location Current Location Shelving location Date acquired Total Checkouts Full call number Barcode Date last seen Price effective from Koha item type
            Institute of Environmental Science and Engineering (IESE) Institute of Environmental Science and Engineering (IESE) General Stacks 05/04/2017   510 SHA IESE-510 05/04/2017 05/04/2017 Book
© 2023 Central Library, National University of Sciences and Technology. All Rights Reserved.